00253 a2200121 4500001000700000020001800007040001100025100002100036240003000057245002500087300001000112362000900122194295 a9788508171804 cMagnum aIacocca, Liliana10aA galinha e a sombralpor10aA galinha e a sombra a16 p.0 a2015